Political Equality <An> Essay in Democratic Theory

Gespeichert in:
Bibliographische Detailangaben
1. Verfasser: Beitz, Charles R.
Format: Buch
Sprache:Englisch
Veröffentlicht: Princeton Princeton University Press 1989
Ausgabe:1. ed.
Schlagworte:
Tags: Tag hinzufügen
Keine Tags, Fügen Sie das erste Tag hinzu!

MARC

LEADER 00000nam a2200000 4500
001 c020232
005 20221206131534.9
020 |a 0-691-07791-6 
041 0 |a eng 
044 |a US 
245 1 0 |a Political Equality  |b <An> Essay in Democratic Theory  |c Charles R. Beitz 
250 |a 1. ed. 
264 1 |a Princeton  |b Princeton University Press  |c 1989 
300 |a 253 s. 
610 2 0 |a politika 
610 2 0 |a demokracia 
610 2 0 |a teórie politické 
100 1 |a Beitz, Charles R.